000 00620nam a2200181Ia 4500
008 090124s9999 xx 000 0 und d
082 _b20752
_a2066
100 _aशारंगपाणी सरोजिनी
245 _a दुर्दैवाशी दोन हात
250 _a1
260 _c1975
300 _a364
600 _aशारंगपाणी सरोजिनी
630 _a दुर्दैवाशी दोन हात
700 _aशारंगपाणी सरोजिनी
730 _a दुर्दैवाशी दोन हात
942 _cBOOK
999 _c134554
_d134554